| 000 | 00379nam a22001577a 4500 | ||
|---|---|---|---|
| 003 | SGT | ||
| 020 | _a9789355010933 | ||
| 082 |
_a342 _bKAP |
||
| 100 | _aKAPUR ANUP CHAND | ||
| 245 | _aSELECT CONSTITUTIONS | ||
| 250 | _a16 | ||
| 260 |
_aNEW DELHI _bS CHAND _c2022 |
||
| 300 | _a434 | ||
| 700 | _aUK , USA ,FRANCE ,CANADA , SWITZERLAND ,JAPAN ,CHINA , INDIA | ||
| 942 |
_2ddc _cBK |
||
| 999 |
_c27977 _d27977 |
||